[Event "36. Open Villa de Benasque 2016 "]
[Site "Benasque ESP"]
[Date "2016.07.11"]
[Round "5.8"]
[White "Ubilava, Elizbar"]
[Black "Baklan, Vladimir"]
[Result "1-0"]
[WhiteElo "2482"]
[BlackElo "2618"]
[PlyCount "90"]
[EventDate "2016.07.07"]
[EventType "swiss"]
[EventRounds "10"]
[EventCountry "ESP"]
[SourceTitle "Ajedrez en Madrid"]
[Source "lmi"]
[SourceDate "2016.07.07"]

1. d4 Nf6 2. c4 g6 3. Nc3 Bg7 4. Nf3 O-O 5. g3 d6 6. Bg2 Nc6 7. O-O e5 8. dxe5
dxe5 9. Bg5 Be6 10. Nd2 h6 11. Bxf6 Bxf6 12. Nde4 Be7 13. Qc1 Kg7 14. Rd1 Qe8
15. Nd5 Rc8 16. Qe3 b6 17. Nxe7 Nxe7 18. c5 f6 19. Qa3 Nc6 20. Nc3 Rf7 21. Nb5
Rb8 22. Rac1 a5 23. cxb6 Rxb6 24. Bxc6 Rxc6 25. Qxa5 Bxa2 26. Nxc7 Rfxc7 27.
Rxc6 Qxc6 28. Qxa2 Qb7 29. Qa5 h5 30. h4 Rd7 31. Rxd7+ Qxd7 32. Qe1 g5 33. hxg5
fxg5 34. Qc1 Kf6 35. Qc4 Qa7 36. b4 Qa1+ 37. Kg2 Qa8+ 38. e4 g4 39. Qd5 Qf8 40.
b5 Qa3 41. Qd8+ Ke6 42. Qc8+ Ke7 43. Qf5 Qc5 44. Qxh5 Qxb5 45. Qxg4 Qd5 1-0

[Event "36. Open Villa de Benasque 2016 "]
[Site "Benasque ESP"]
[Date "2016.07.11"]
[Round "5.9"]
[White "Aloma Vidal, Robert"]
[Black "Vocaturo, Daniele"]
[Result "0-1"]
[WhiteElo "2477"]
[BlackElo "2582"]
[PlyCount "86"]
[EventDate "2016.07.07"]
[EventType "swiss"]
[EventRounds "10"]
[EventCountry "ESP"]
[SourceTitle "Ajedrez en Madrid"]
[Source "lmi"]
[SourceDate "2016.07.07"]

1. d4 d5 2. c4 c6 3. Nf3 Nf6 4. Nc3 dxc4 5. a4 a5 6. e4 Bg4 7. Bxc4 e6 8. O-O
Bb4 9. e5 Nd5 10. Ne4 Nd7 11. h3 Bh5 12. Ng3 Bg6 13. h4 N7b6 14. Bd3 Bxd3 15.
Qxd3 h6 16. Bd2 Be7 17. h5 O-O 18. b3 c5 19. dxc5 Nd7 20. Ne4 Nxc5 21. Nxc5
Bxc5 22. Rac1 Qb6 23. Rc4 Rfd8 24. Qc2 Bb4 25. Bc1 Bf8 26. Bd2 Bb4 27. Bc1 Bf8
28. Bd2 Rd7 29. g4 Bb4 30. Bc1 Be7 31. g5 hxg5 32. Bxg5 Qd8 33. Bd2 Nb6 34. Rg4
Rc8 35. Qe4 Rxd2 36. h6 g5 37. Nxg5 Bxg5 38. Qg2 Kh8 39. Rxg5 Qxg5 40. Qxg5 Rg8
41. f4 Nd7 42. Qxg8+ Kxg8 43. Rc1 Kh7 0-1

[Event "36. Open Villa de Benasque 2016 "]
[Site "Benasque ESP"]
[Date "2016.07.11"]
[Round "5.10"]
[White "Antoli Royo, Joaquin Miguel"]
[Black "Jakubowski, Krzysztof"]
[Result "1/2-1/2"]
[WhiteElo "2432"]
[BlackElo "2557"]
[PlyCount "107"]
[EventDate "2016.07.07"]
[EventType "swiss"]
[EventRounds "10"]
[EventCountry "ESP"]
[SourceTitle "Ajedrez en Madrid"]
[Source "lmi"]
[SourceDate "2016.07.07"]

1. d4 Nf6 2. c4 e6 3. Nf3 d5 4. Nc3 Nbd7 5. Bg5 Be7 6. e3 O-O 7. Rc1 a6 8. cxd5
exd5 9. Bd3 Re8 10. O-O c6 11. Qc2 Nf8 12. h3 g6 13. Bf4 Ne6 14. Bh2 Bd6 15.
Be5 Ng7 16. Na4 Bf5 17. Nc5 Bxc5 18. dxc5 Bxd3 19. Qxd3 Ne4 20. Bh2 Qa5 21. Qb1
Ne6 22. Rfd1 Qa4 23. Ne5 N4xc5 24. Ng4 Nd7 25. b3 Qb4 26. Qb2 Qf8 27. e4 d4 28.
b4 Qg7 29. Bg3 Rad8 30. Nh2 Ndf8 31. Ng4 Nd7 32. Nh2 f6 33. Nf3 Ndf8 34. Qa1
Qe7 35. Nxd4 Ng5 36. f3 Qxb4 37. Nb3 Qe7 38. Kh2 Rxd1 39. Rxd1 Rd8 40. Na5 Rxd1
41. Qxd1 Nf7 42. Qb3 c5 43. Qxb7 Qxb7 44. Nxb7 Ne6 45. Kg1 Kf8 46. Kf2 Ke7 47.
Ke3 g5 48. Kd3 Kd7 49. Kc4 Kc6 50. Na5+ Kb6 51. Nb3 Kc6 52. Na5+ Kb6 53. Nb3
Kc6 54. Na5+ 1/2-1/2

[Event "36. Open Villa de Benasque 2016 "]
[Site "Benasque ESP"]
[Date "2016.07.12"]
[Round "6.1"]
[White "Sasikiran, Krishnan"]
[Black "Kuzubov, Yuriy"]
[Result "1/2-1/2"]
[WhiteElo "2639"]
[BlackElo "2635"]
[PlyCount "80"]
[EventDate "2016.07.07"]
[EventType "swiss"]
[EventRounds "10"]
[EventCountry "ESP"]
[SourceTitle "Ajedrez en Madrid"]
[Source "lmi"]
[SourceDate "2016.07.07"]

1. d4 Nf6 2. Nf3 d5 3. c4 e6 4. g3 Bb4+ 5. Bd2 Be7 6. Bg2 O-O 7. O-O c6 8. Qc2
b6 9. Rd1 Nbd7 10. b3 a5 11. Bc3 Bb7 12. Nbd2 Qc7 13. Rac1 c5 14. cxd5 Nxd5 15.
Bb2 a4 16. Qb1 axb3 17. axb3 Nb4 18. dxc5 bxc5 19. Rc4 Rfd8 20. h4 Bd5 21. Rg4
Nf6 22. Ng5 e5 23. Rc4 Bxc4 24. Nxc4 Rxd1+ 25. Qxd1 Rd8 26. Qb1 Qd7 27. Bf1 Qd1
28. Qf5 Qxb3 29. Qxe5 Qxc4 30. Qxe7 Re8 31. Qc7 h6 32. e4 Qb3 33. Bxf6 gxf6 34.
Nh3 Qc3 35. Nf4 Qe5 36. Qd7 Kf8 37. Bc4 Re7 38. Qd8+ Re8 39. Qd7 Re7 40. Qd8+
Re8 1/2-1/2

[Event "36. Open Villa de Benasque 2016 "]
[Site "Benasque ESP"]
[Date "2016.07.12"]
[Round "6.2"]
[White "Cori, Jorge"]
[Black "Baryshpolets, Andrey"]
[Result "0-1"]
[WhiteElo "2602"]
[BlackElo "2551"]
[PlyCount "102"]
[EventDate "2016.07.07"]
[EventType "swiss"]
[EventRounds "10"]
[EventCountry "ESP"]
[SourceTitle "Ajedrez en Madrid"]
[Source "lmi"]
[SourceDate "2016.07.07"]

1. e4 e5 2. Nf3 Nc6 3. Nc3 Nf6 4. Bb5 Bb4 5. O-O O-O 6. d3 Bxc3 7. bxc3 d6 8.
h3 Ne7 9. Bc4 Ng6 10. Bb3 h6 11. Nh2 a5 12. a4 Be6 13. Bxe6 fxe6 14. g3 d5 15.
Ng4 Kh7 16. Qe2 Qd7 17. f3 Qc6 18. c4 dxc4 19. dxc4 Nd7 20. h4 Nh8 21. Be3 Nf7
22. Qd3 h5 23. Nf2 Nd6 24. Nh3 Qxc4 25. Ng5+ Kg8 26. Rfd1 Qxd3 27. Rxd3 Rfe8
28. Rc3 Rac8 29. Rd1 b6 30. Kg2 Kf8 31. f4 exf4 32. gxf4 Ke7 33. e5 Nf5 34. Bf2
Red8 35. Rdd3 Nf8 36. Rxd8 Kxd8 37. Rd3+ Ke7 38. c4 Ng6 39. Kf3 Rf8 40. Ke4
Nfxh4 41. Nh3 Rd8 42. Rg3 Rd2 43. Rg5 Re2+ 44. Kd3 Ra2 45. Ke4 Kf7 46. Rxh5
Re2+ 47. Kd4 Nf5+ 48. Kc3 Nxf4 49. Nxf4 Rxf2 50. Nd3 Rg2 51. c5 Rg4 0-1

[Event "36. Open Villa de Benasque 2016 "]
[Site "Benasque ESP"]
[Date "2016.07.12"]
[Round "6.3"]
[White "Vocaturo, Daniele"]
[Black "Stremavicius, Titas"]
[Result "1/2-1/2"]
[WhiteElo "2582"]
[BlackElo "2462"]
[PlyCount "200"]
[EventDate "2016.07.07"]
[EventType "swiss"]
[EventRounds "10"]
[EventCountry "ESP"]
[SourceTitle "Ajedrez en Madrid"]
[Source "lmi"]
[SourceDate "2016.07.07"]

1. d4 d5 2. c4 e6 3. Nc3 Be7 4. cxd5 exd5 5. Bf4 Nf6 6. e3 O-O 7. Bd3 c5 8.
dxc5 Bxc5 9. Nge2 Nc6 10. O-O Be6 11. Rc1 Rc8 12. a3 Bd6 13. Bb1 Na5 14. e4
Bxf4 15. Nxf4 d4 16. Nxe6 fxe6 17. Ne2 Rxc1 18. Nxc1 Nc4 19. Qe2 b5 20. Ba2 Qb6
21. Nd3 Nd7 22. Qh5 Nf6 23. Qh4 Qa5 24. e5 Nd5 25. Qxd4 Qd2 26. Bxc4 bxc4 27.
Qxc4 Kh8 28. g3 h6 29. Qe4 Re8 30. Re1 Rb8 31. Re2 Qd1+ 32. Kg2 Rc8 33. Qf3 a5
34. Re4 Qc2 35. Rg4 Rd8 36. Nf4 Nxf4+ 37. Qxf4 Rb8 38. b4 axb4 39. axb4 Qc7 40.
Qd4 Rd8 41. Qf4 Rd5 42. Qf8+ Kh7 43. Re4 Qb7 44. Kh3 Qb5 45. Qf3 Qf1+ 46. Qg2
Qd1 47. g4 Rd3+ 48. Re3 Rd4 49. b5 Qb1 50. f3 Rb4 51. Kg3 Rxb5 52. f4 Rb4 53.
h4 Qc1 54. Rf3 h5 55. gxh5 Rb2 56. Qf1 Qc5 57. Kh3 Kh8 58. Rg3 Qc2 59. Qd3 Qh2+
60. Kg4 Rg2 61. Qf3 Rxg3+ 62. Qxg3 Qc2 63. Qf3 Qb1 64. Kh3 Kg8 65. Kg3 Qg1+ 66.
Qg2 Qe1+ 67. Kg4 Qb1 68. Qe2 Kh8 69. Qf3 Qg1+ 70. Kh3 Qb1 71. Kg3 Qg1+ 72. Qg2
Qe3+ 73. Kg4 Qd3 74. Qa8+ Kh7 75. Qf3 Qf5+ 76. Kg3 Qb1 77. f5 Qe1+ 78. Kf4
Qxh4+ 79. Ke3 Qe1+ 80. Qe2 Qc3+ 81. Kf4 Qc1+ 82. Qe3 Qf1+ 83. Qf3 Qc1+ 84. Kg4
Qg1+ 85. Kh3 exf5 86. Qxf5+ Kh6 87. Qf3 Qe1 88. Qf7 Qh1+ 89. Kg4 Qg2+ 90. Kf5
Qf3+ 91. Ke6 Qc6+ 92. Ke7 Qc7+ 93. Kf8 Qc8+ 94. Qe8 Qf5+ 95. Kg8 Qh7+ 96. Kf8
Qf5+ 97. Qf7 Qc8+ 98. Qe8 Qf5+ 99. Qf7 Qc8+ 100. Qe8 Qf5+ 1/2-1/2

[Event "36. Open Villa de Benasque 2016 "]
[Site "Benasque ESP"]
[Date "2016.07.12"]
[Round "6.4"]
[White "Gopal, G.N.."]
[Black "Alvarado Diaz, Alejandro"]
[Result "0-1"]
[WhiteElo "2565"]
[BlackElo "2421"]
[PlyCount "76"]
[EventDate "2016.07.07"]
[EventType "swiss"]
[EventRounds "10"]
[EventCountry "ESP"]
[SourceTitle "Ajedrez en Madrid"]
[Source "lmi"]
[SourceDate "2016.07.07"]

1. e4 c5 2. Nf3 Nc6 3. Bb5 Qb6 4. Nc3 e6 5. O-O Nge7 6. Re1 a6 7. Ba4 Qc7 8. d3
b5 9. Bb3 Nd4 10. Nxd4 cxd4 11. Nb1 Bb7 12. Nd2 Nc6 13. a3 Be7 14. Qg4 g6 15.
Nf3 O-O-O 16. Bf4 Bd6 17. Bxd6 Qxd6 18. a4 f5 19. Qg5 h6 20. Qd2 g5 21. axb5
axb5 22. exf5 exf5 23. c3 dxc3 24. bxc3 Rhe8 25. d4 g4 26. Nh4 Qf6 27. g3 Rxe1+
28. Rxe1 b4 29. Qf4 Rf8 30. d5 Qxc3 31. Re3 Qa1+ 32. Kg2 Nd4 33. Ng6 Ba6 34. h4
Qf1+ 35. Kh2 Qh3+ 36. Kg1 Bf1 37. Ne7+ Kb7 38. Qxd4 Qg2# 0-1

[Event "36. Open Villa de Benasque 2016 "]
[Site "Benasque ESP"]
[Date "2016.07.12"]
[Round "6.5"]
[White "Movsziszian, Karen"]
[Black "Stella, Andrea"]
[Result "1-0"]
[WhiteElo "2485"]
[BlackElo "2409"]
[PlyCount "117"]
[EventDate "2016.07.07"]
[EventType "swiss"]
[EventRounds "10"]
[EventCountry "ESP"]
[SourceTitle "Ajedrez en Madrid"]
[Source "lmi"]
[SourceDate "2016.07.07"]

1. c4 c5 2. Nc3 Nc6 3. g3 g6 4. Bg2 Bg7 5. a3 b6 6. b4 Bb7 7. Rb1 Rb8 8. Nh3
Nf6 9. O-O O-O 10. Qa4 Qc8 11. d3 d6 12. Bd2 Ra8 13. Nf4 e6 14. Nb5 Rd8 15. e4
a6 16. Nc3 b5 17. Qb3 Nd4 18. Qa2 cxb4 19. axb4 bxc4 20. dxc4 Qc7 21. Nd3 Nd7
22. Na4 Bc6 23. Nc3 Bb7 24. Bf4 Rdc8 25. c5 e5 26. Be3 a5 27. bxa5 Ba6 28. Nd5
Qd8 29. c6 Nxc6 30. Qd2 Qxa5 31. Qxa5 Nxa5 32. Ne7+ Kf8 33. Nxc8 Bxd3 34. Nxd6
Bxb1 35. Rxb1 Ke7 36. Nb5 Rb8 37. Bf1 Nc6 38. Ra1 Rb7 39. Nc3 Nd4 40. Nd5+ Kd6
41. Ra6+ Kc5 42. h4 Nb6 43. Nxb6 Rxb6 44. Ra7 Rf6 45. Bg5 Nf3+ 46. Kg2 Nxg5 47.
hxg5 Rd6 48. Rxf7 Bh8 49. Rxh7 Rd8 50. Ba6 Kd4 51. Bb7 Kd3 52. Rh6 Rf8 53. Rxg6
Ke2 54. Ba6+ Ke1 55. f3 Kd2 56. Rd6+ Ke1 57. g6 Bg7 58. Rd7 Bf6 59. Rf7 1-0

[Event "36. Open Villa de Benasque 2016 "]
[Site "Benasque ESP"]
[Date "2016.07.12"]
[Round "6.6"]
[White "Mascaro March, Pedro"]
[Black "Ubilava, Elizbar"]
[Result "1-0"]
[WhiteElo "2395"]
[BlackElo "2482"]
[PlyCount "121"]
[EventDate "2016.07.07"]
[EventType "swiss"]
[EventRounds "10"]
[EventCountry "ESP"]
[SourceTitle "Ajedrez en Madrid"]
[Source "lmi"]
[SourceDate "2016.07.07"]

1. d4 d6 2. Nf3 Nd7 3. c4 e5 4. Nc3 c6 5. e4 Ngf6 6. Be2 Be7 7. O-O O-O 8. Qc2
a6 9. d5 cxd5 10. Nxd5 Nxd5 11. cxd5 Nf6 12. Bd2 Bg4 13. Rac1 Rc8 14. Qb1 Qd7
15. Rce1 Bh5 16. h3 Bd8 17. b3 h6 18. Be3 Re8 19. Nd2 Bxe2 20. Rxe2 b5 21. Ree1
Qb7 22. Rc1 Bb6 23. Qd3 Nd7 24. Rfd1 Bc5 25. Nf1 Ba3 26. Rb1 Nc5 27. Bxc5 Bxc5
28. Ng3 g6 29. Rdc1 Bb4 30. Ne2 Kg7 31. Kf1 Re7 32. Rxc8 Qxc8 33. Rc1 Rc7 34.
Rxc7 Qxc7 35. g4 Bc5 36. Qc2 Qd8 37. Kg2 Qg5 38. Qc1 Qh4 39. Ng3 Qf6 40. Qd2
Bd4 41. Nf1 Qd8 42. Qc2 h5 43. gxh5 gxh5 44. Ng3 Qg5 45. h4 Qg4 46. f3 Qg6 47.
Qc8 Be3 48. Kh3 Kh7 49. Qd7 Bc5 50. Nf5 a5 51. Qe8 Qf6 52. Qxb5 Qd8 53. Qf1 Qg8
54. Qg2 Qg6 55. Ne7 Qxg2+ 56. Kxg2 Kg7 57. Kf1 Kf8 58. Nf5 Ke8 59. Ng7+ Kf8 60.
Nxh5 Bb6 61. Ng3 1-0

[Event "36. Open Villa de Benasque 2016 "]
[Site "Benasque ESP"]
[Date "2016.07.12"]
[Round "6.7"]
[White "Barbot, Pierre"]
[Black "Granda Zuñiga, Julio E"]
[Result "1/2-1/2"]
[WhiteElo "2433"]
[BlackElo "2699"]
[PlyCount "81"]
[EventDate "2016.07.07"]
[EventType "swiss"]
[EventRounds "10"]
[EventCountry "ESP"]
[SourceTitle "Ajedrez en Madrid"]
[Source "lmi"]
[SourceDate "2016.07.07"]

1. d4 d5 2. c4 dxc4 3. Nf3 a6 4. e3 Bg4 5. Bxc4 e6 6. Qb3 Bxf3 7. gxf3 b5 8.
Be2 Nf6 9. Bd2 Nbd7 10. Ba5 Qb8 11. a4 c5 12. axb5 cxd4 13. Nd2 dxe3 14. fxe3
Bc5 15. bxa6 Qxb3 16. Nxb3 Bxe3 17. Bc3 O-O 18. Bb5 Rfc8 19. Ke2 Bf4 20. Ra4
Nd5 21. Bxd7 Rxc3 22. bxc3 Nxc3+ 23. Kd3 Nxa4 24. Bxa4 Rxa6 25. Bb5 Ra2 26. h4
h5 27. Bc4 g6 28. Ra1 Rxa1 29. Nxa1 Bg3 30. Nc2 Kg7 31. Nd4 Kf6 32. Ke4 Bxh4
33. f4 Be1 34. Nf3 Bc3 35. Ng5 Ke7 36. Kf3 Bg7 37. Bb3 Bf6 38. Ne4 Bd4 39. Ng5
Bf6 40. Ne4 Bd4 41. Ng5 1/2-1/2

[Event "36. Open Villa de Benasque 2016 "]
[Site "Benasque ESP"]
[Date "2016.07.12"]
[Round "6.8"]
[White "Espinosa Aranda, Angel"]
[Black "Iturrizaga Bonelli, Eduardo"]
[Result "0-1"]
[WhiteElo "2422"]
[BlackElo "2624"]
[PlyCount "84"]
[EventDate "2016.07.07"]
[EventType "swiss"]
[EventRounds "10"]
[EventCountry "ESP"]
[SourceTitle "Ajedrez en Madrid"]
[Source "lmi"]
[SourceDate "2016.07.07"]

1. e4 c5 2. Nf3 Nc6 3. Bb5 g6 4. O-O Bg7 5. Nc3 d6 6. d3 Bd7 7. a3 a6 8. Bc4 b5
9. Ba2 e6 10. Ne2 Nf6 11. Ng3 O-O 12. c3 Qc7 13. Bf4 h6 14. d4 e5 15. dxe5 dxe5
16. Be3 c4 17. Qd2 Ng4 18. Bc5 Rfd8 19. h3 Be6 20. Qe2 Nb8 21. Bb4 a5 22. Bxa5
Qxa5 23. hxg4 Bxg4 24. Rfd1 Nd7 25. Nf1 Nc5 26. Ne3 Be6 27. Nc2 Rac8 28. Nfe1
Qa8 29. f3 h5 30. Nb4 Na4 31. Qf2 Bh6 32. g3 Rxd1 33. Rxd1 Rd8 34. Rxd8+ Qxd8
35. f4 Bf8 36. Kf1 Bh3+ 37. Ke2 Bxb4 38. axb4 Nxb2 39. Qe3 Nd1 40. Qc1 Bg4+ 41.
Kf1 exf4 42. gxf4 Qh4 0-1

[Event "36. Open Villa de Benasque 2016 "]
[Site "Benasque ESP"]
[Date "2016.07.12"]
[Round "6.9"]
[White "Suarez Gomez, Julio"]
[Black "Cordova, Emilio"]
[Result "0-1"]
[WhiteElo "2413"]
[BlackElo "2620"]
[PlyCount "68"]
[EventDate "2016.07.07"]
[EventType "swiss"]
[EventRounds "10"]
[EventCountry "ESP"]
[SourceTitle "Ajedrez en Madrid"]
[Source "lmi"]
[SourceDate "2016.07.07"]

1. e4 c5 2. Nf3 Nc6 3. Nc3 d6 4. d4 cxd4 5. Nxd4 Bd7 6. g3 g6 7. Bg2 Bg7 8.
Nde2 Nf6 9. O-O O-O 10. h3 a6 11. a4 Rc8 12. Nd5 Ne5 13. Ra2 Bc6 14. b3 Ned7
15. Bf4 b6 16. Re1 Ba8 17. a5 b5 18. Qd2 Re8 19. Qb4 Nxd5 20. exd5 Rc5 21. Be3
Rxd5 22. Bxd5 Bxd5 23. Bd4 Ne5 24. Bxe5 Bxe5 25. c4 bxc4 26. bxc4 Ba8 27. f4
Bf6 28. Nc3 Qc8 29. Kh2 Qf5 30. Rae2 Bf3 31. Rd2 Rc8 32. Na4 Qh5 33. Nb6 Rc5
34. Nd7 Qxh3+ 0-1

[Event "36. Open Villa de Benasque 2016 "]
[Site "Benasque ESP"]
[Date "2016.07.12"]
[Round "6.10"]
[White "Jansa, Vlastimil"]
[Black "Forcen Esteban, Daniel"]
[Result "1/2-1/2"]
[WhiteElo "2411"]
[BlackElo "2565"]
[PlyCount "101"]
[EventDate "2016.07.07"]
[EventType "swiss"]
[EventRounds "10"]
[EventCountry "ESP"]
[SourceTitle "Ajedrez en Madrid"]
[Source "lmi"]
[SourceDate "2016.07.07"]

1. e4 c5 2. Nf3 d6 3. d4 cxd4 4. Nxd4 Nf6 5. Nc3 g6 6. g3 Nc6 7. Nde2 Bd7 8.
Bg2 Qc8 9. h3 Bg7 10. b3 O-O 11. Bb2 a5 12. Rb1 Rb8 13. Nd5 Nxd5 14. exd5 Bxb2
15. Rxb2 Nb4 16. c3 Na6 17. h4 h5 18. O-O b5 19. Qd2 Rb7 20. Nd4 Rc7 21. Re1
Re8 22. Re3 Rc5 23. Nc6 Bxc6 24. dxc6 b4 25. Rc2 d5 26. Bxd5 Rd8 27. Rd3 bxc3
28. Rcxc3 Rxc3 29. Qxc3 Nb4 30. Bxf7+ Kxf7 31. Qc4+ e6 32. Qf4+ Kg7 33. Qe5+
Kh7 34. Rf3 Rf8 35. Rxf8 Qxf8 36. Qxe6 Qg7 37. Qd7 Qxd7 38. cxd7 Nc6 39. Kg2
Kg7 40. a3 Kf6 41. b4 axb4 42. axb4 Ke7 43. g4 Nxb4 44. gxh5 gxh5 45. Kf3 Nd3
46. Ke3 Nc5 47. Kf4 Nxd7 48. Kg5 Nf6 49. Kg6 Ke6 50. f4 Ke7 51. f5 1/2-1/2

[Event "36. Open Villa de Benasque 2016 "]
[Site "Benasque ESP"]
[Date "2016.07.13"]
[Round "7.1"]
[White "Baryshpolets, Andrey"]
[Black "Sasikiran, Krishnan"]
[Result "1/2-1/2"]
[WhiteElo "2551"]
[BlackElo "2639"]
[PlyCount "97"]
[EventDate "2016.07.07"]
[EventType "swiss"]
[EventRounds "10"]
[EventCountry "ESP"]
[SourceTitle "Ajedrez en Madrid"]
[Source "lmi"]
[SourceDate "2016.07.07"]

1. d4 d5 2. c4 c6 3. Nf3 Nf6 4. Nc3 e6 5. Bg5 h6 6. Bxf6 Qxf6 7. e3 g6 8. Qc2
Nd7 9. Bd3 Bg7 10. O-O O-O 11. cxd5 exd5 12. b4 Qd6 13. Qb3 Nb6 14. Na4 Nxa4
15. Qxa4 Bg4 16. Rac1 a6 17. Nd2 f5 18. Qa5 f4 19. Qc5 Qf6 20. e4 dxe4 21. Bxe4
Qxd4 22. Qxd4 Bxd4 23. Bxg6 Rad8 24. Nb3 Be2 25. Rfe1 f3 26. Be4 Bb2 27. Rc2
Ba3 28. gxf3 Bd1 29. Rc4 Bxb3 30. axb3 Rf6 31. Kg2 Kf7 32. Re2 b5 33. Rxc6 Rxc6
34. Bxc6 Bxb4 35. Ra2 a5 36. Bxb5 Rd2 37. Ra1 Bc3 38. Ra4 Bb4 39. Ra1 Bc3 40.
Rc1 Bd4 41. Rc6 Kg7 42. Ra6 Bxf2 43. Kh3 Be3 44. Bc4 h5 45. Rxa5 Kg6 46. Rd5
Rb2 47. Kg3 Bg1 48. f4 Bxh2+ 49. Kf3 1/2-1/2

[Event "36. Open Villa de Benasque 2016 "]
[Site "Benasque ESP"]
[Date "2016.07.13"]
[Round "7.2"]
[White "Kuzubov, Yuriy"]
[Black "Mascaro March, Pedro"]
[Result "1-0"]
[WhiteElo "2635"]
[BlackElo "2395"]
[PlyCount "83"]
[EventDate "2016.07.07"]
[EventType "swiss"]
[EventRounds "10"]
[EventCountry "ESP"]
[SourceTitle "Ajedrez en Madrid"]
[Source "lmi"]
[SourceDate "2016.07.07"]

1. e4 d5 2. exd5 Qxd5 3. Nf3 Nf6 4. Be2 Bg4 5. h3 Bh5 6. d4 c6 7. Nbd2 e6 8.
Nf1 Bxf3 9. Bxf3 Qa5+ 10. c3 Qc7 11. Ne3 Nbd7 12. O-O Be7 13. Re1 O-O 14. g3
Nb6 15. Ng4 Nxg4 16. hxg4 Rfd8 17. Qc2 Nd7 18. Bf4 Bd6 19. Bg5 Re8 20. Kg2 Be7
21. Bd2 Nf8 22. Rad1 Rad8 23. a3 Rd7 24. Be4 Red8 25. Bf4 Bd6 26. Bc1 Be7 27.
Qe2 g6 28. Qf3 Rc8 29. c4 Rcd8 30. Be3 Qa5 31. Ra1 f5 32. Bc2 Bf6 33. gxf5 gxf5
34. b4 Qa6 35. Bb3 Bxd4 36. Bxd4 Rxd4 37. c5 f4 38. Rxe6 Nxe6 39. Qg4+ Kh8 40.
Qxe6 f3+ 41. Kh2 R4d5 42. Qf6+ 1-0

[Event "36. Open Villa de Benasque 2016 "]
[Site "Benasque ESP"]
[Date "2016.07.13"]
[Round "7.3"]
[White "Alvarado Diaz, Alejandro"]
[Black "Movsziszian, Karen"]
[Result "1/2-1/2"]
[WhiteElo "2421"]
[BlackElo "2485"]
[PlyCount "95"]
[EventDate "2016.07.07"]
[EventType "swiss"]
[EventRounds "10"]
[EventCountry "ESP"]
[SourceTitle "Ajedrez en Madrid"]
[Source "lmi"]
[SourceDate "2016.07.07"]

1. d4 d6 2. Nf3 g6 3. g3 Bg7 4. c4 Nd7 5. Bg2 e5 6. Nc3 Ne7 7. O-O O-O 8. e4
exd4 9. Nxd4 Nc6 10. Nde2 a5 11. b3 a4 12. Be3 axb3 13. axb3 Rxa1 14. Qxa1 Nde5
15. Qc1 f5 16. f3 fxe4 17. Nxe4 Bf5 18. N2c3 Nd3 19. Qd1 Ncb4 20. Nd5 Nxd5 21.
cxd5 Bxe4 22. fxe4 Ne5 23. Bh3 h5 24. Be6+ Kh7 25. Kg2 Rxf1 26. Qxf1 Qa8 27.
Qe2 c5 28. g4 hxg4 29. Bf4 Qa1 30. Bxe5 Bxe5 31. Qf2 Bf6 32. Bxg4 b5 33. Be2 c4
34. bxc4 b4 35. Qf3 Kg7 36. Bd1 Qa2+ 37. Kh1 Be5 38. Qh3 Qa7 39. Qe6 b3 40.
Bxb3 Qa1+ 41. Kg2 Qb2+ 42. Kf1 Qxh2 43. Qe7+ Kh6 44. Qf8+ Kg5 45. Qf3 Qf4 46.
Qxf4+ Kxf4 47. Kg2 g5 48. Ba4 1/2-1/2

[Event "36. Open Villa de Benasque 2016 "]
[Site "Benasque ESP"]
[Date "2016.07.13"]
[Round "7.4"]
[White "Iturrizaga Bonelli, Eduardo"]
[Black "Neelotpal, Das"]
[Result "1-0"]
[WhiteElo "2624"]
[BlackElo "2467"]
[PlyCount "129"]
[EventDate "2016.07.07"]
[EventType "swiss"]
[EventRounds "10"]
[EventCountry "ESP"]
[SourceTitle "Ajedrez en Madrid"]
[Source "lmi"]
[SourceDate "2016.07.07"]

1. Nf3 d5 2. c4 c6 3. e3 Nf6 4. Nc3 e6 5. b3 Nbd7 6. Qc2 Bd6 7. Bb2 O-O 8. Be2
Re8 9. h3 e5 10. cxd5 Nxd5 11. Ne4 Bf8 12. g4 N7f6 13. Nxf6+ Qxf6 14. Qe4 Qd8
15. g5 g6 16. Bxe5 Bf5 17. Qh4 Nb4 18. O-O Qd7 19. d4 Bxh3 20. Nh2 h5 21. gxh6
Rxe5 22. dxe5 Bxf1 23. Rxf1 Qe7 24. Qxe7 Bxe7 25. a4 Rd8 26. Ng4 a6 27. a5 Nd5
28. Bc4 Kh7 29. Kg2 f5 30. exf6 Nxf6 31. Ne5 Bb4 32. Rh1 Bc3 33. Nf7 Rd7 34.
Ng5+ Kh8 35. Be6 Rd2 36. h7 Nh5 37. Bg8 Kg7 38. Ne4 Rc2 39. Rd1 Nf6 40. Nxf6
Bxf6 41. Rd7+ Kh8 42. Rxb7 Bh4 43. Rf7 Rc5 44. Rf4 g5 45. Rc4 Rxa5 46. Rxc6 Ra2
47. Rf6 g4 48. Rf4 Bg5 49. Re4 Bh4 50. Rxg4 Bxf2 51. Kf3 Be1 52. Rg2 Ra5 53.
Rh2 Rc5 54. Bc4 a5 55. Bd3 Rc8 56. Bf5 Rf8 57. Kg4 Re8 58. e4 Bc3 59. Rc2 Bg7
60. Kg5 Ra8 61. Rc6 Bd4 62. Kg6 Rf8 63. Rc8 Bg7 64. Rxf8+ Bxf8 65. e5 1-0

[Event "36. Open Villa de Benasque 2016 "]
[Site "Benasque ESP"]
[Date "2016.07.13"]
[Round "7.5"]
[White "Cordova, Emilio"]
[Black "Berescu, Alin-Mile"]
[Result "1/2-1/2"]
[WhiteElo "2620"]
[BlackElo "2454"]
[PlyCount "107"]
[EventDate "2016.07.07"]
[EventType "swiss"]
[EventRounds "10"]
[EventCountry "ESP"]
[SourceTitle "Ajedrez en Madrid"]
[Source "lmi"]
[SourceDate "2016.07.07"]

1. Nf3 Nf6 2. c4 e6 3. g3 a6 4. Bg2 b5 5. Ne5 Ra7 6. d3 Bb7 7. Nf3 c5 8. O-O
Be7 9. Na3 b4 10. Nc2 a5 11. a4 d6 12. b3 Nbd7 13. Bb2 O-O 14. e4 Qa8 15. Re1
e5 16. Ne3 g6 17. h4 Nh5 18. Nd5 Qd8 19. Bc1 Ndf6 20. Nh2 Nxd5 21. cxd5 Ng7 22.
Ng4 f5 23. Ne3 f4 24. Nc4 Nh5 25. g4 Ng7 26. g5 h6 27. Bf3 hxg5 28. hxg5 Bxg5
29. Kf1 Ba6 30. Ke2 Bxc4 31. dxc4 Kf7 32. Rh1 Rh8 33. Bd2 Ra8 34. Qg1 Rxh1 35.
Qxh1 Bh4 36. Rg1 Qe7 37. Qh3 Rh8 38. Qg4 g5 39. Bg2 Qd8 40. Bh3 Qe7 41. Qf3 Qd8
42. Bg4 Kg6 43. Rg2 Kf7 44. Rh2 Kg6 45. Qh3 Kf7 46. Be1 Rh6 47. Bd7 Ke7 48. Bc6
Rh8 49. Qg4 Kf7 50. Rh3 Qc8 51. Bd7 Qd8 52. Rh1 Kg6 53. Bb5 Kf7 54. Rh3 1/2-1/2

[Event "36. Open Villa de Benasque 2016 "]
[Site "Benasque ESP"]
[Date "2016.07.13"]
[Round "7.6"]
[White "Castellanos Rodriguez, Renier"]
[Black "Vocaturo, Daniele"]
[Result "1/2-1/2"]
[WhiteElo "2620"]
[BlackElo "2582"]
[PlyCount "67"]
[EventDate "2016.07.07"]
[EventType "swiss"]
[EventRounds "10"]
[EventCountry "ESP"]
[SourceTitle "Ajedrez en Madrid"]
[Source "lmi"]
[SourceDate "2016.07.07"]

1. e4 e6 2. d4 d5 3. Nd2 Be7 4. e5 c5 5. Qg4 Kf8 6. dxc5 Nc6 7. Qe2 Bxc5 8. Nb3
Bb6 9. Be3 Nge7 10. f4 Nf5 11. Bxb6 axb6 12. Nf3 Ra4 13. Qd2 Re4+ 14. Kd1 Ne3+
15. Kc1 Nc4 16. Bxc4 dxc4 17. Qxd8+ Nxd8 18. Rd1 Nc6 19. Nbd4 Ke7 20. g3 Rd8
21. Nxc6+ bxc6 22. Rxd8 Kxd8 23. Kd2 c5 24. c3 f6 25. a4 Kc7 26. a5 Ba6 27.
axb6+ Kxb6 28. h4 h5 29. Rg1 Bb7 30. Ra1 Bc6 31. Ra3 Bd5 32. Ra1 Bc6 33. Ra3
Bd5 34. Ra1 1/2-1/2